Top 10 African Countries by Highest Recorded Temperature - Statistics

General Stats
  • This quiz has been taken 27 times
  • The average score is 8 of 10
Answer Stats
° C Country ° F % Correct
51.3 Algeria 124.3
92%
47.6 Chad 117.7
92%
51.7 Morocco 125.1
92%
49.7 Sudan 121.5
92%
55 Tunisia 131
92%
58 Libya 136.4
88%
49.5 Niger 121.1
88%
50 South Africa 122
56%
47.4 Eswatini 117.3
36%
49 Gambia 120.2
32%
No matching quizzes found
Score Distribution
Percent of People with Each Score
Percentile by Number Answered
Your Score History
You have not taken this quiz